000 00665cam a22002053a 4500
001 39691
003 PGUSA
005 20140828083900.0
008 120514s2012||||xxu|||||s|||||000 | eng d
040 _aPGUSA
_beng
042 _adc
100 1 _aFraprie, Frank R.
245 1 0 _aPhotographic Amusements, Ninth Edition :
_bIncluding A Description of a Number of Novel Effects Obtainable with the Camera
_h[electronic resource] /
_cFrank R. Fraprie
260 _bProject Gutenberg,
_c2012
506 _aPublic domain in the USA.
516 _aElectronic text
830 0 _aProject Gutenberg
_v39691
856 4 0 _uhttp://www.gutenberg.org/ebooks/39691
942 _cEB
999 _c268944
_d268944